Online Catalogue and eLibrary

Naval (Record no. 3954)

MARC details
000 -LEADER
fixed length control field 00311nam a2200145Ia 4500
005 - DATE AND TIME OF LATEST TRANSACTION
control field 20250317141451.0
008 - FIXED-LENGTH DATA ELEMENTS--GENERAL INFORMATION
fixed length control field 240331s9999 xx 000 0 und d
082 ## - DDC Classification
Item Number - Author Mark JAY
Class No. 894
100 ## - MAIN ENTRY--PERSONAL NAME
Personal name Jayamohan,
245 #0 - TITLE STATEMENT
Title Naval
260 ## - PUBLICATION, DISTRIBUTION, ETC.
Place of publication, distribution, etc. Madras
Name of publisher, distributor, etc. Madal
Date of publication, distribution, etc. 1994
300 ## - PHYSICAL DESCRIPTION
Extent (e.g. Volumes, Pages etc.) 99 p .,
650 ## - SUBJECT ADDED ENTRY--TOPICAL TERM
Topical term or geographic name entry element A Novel
942 ## - Koha item type (Biblio)
Koha item type Books in Stacks (Lending)
Holdings
Lost status Damaged status Collection code Home library Current library Shelving location Date acquired Full call number Accession Number Item type
    Lending WERC Library WERC Library Social Science Cupboard 03/31/2024 894.811 JAY 2586 Books in Stacks (Lending)

© WERC Library